The ascenders of the higher state of spiritual conciousness : (Record no. 42020)

MARC details
000 -LEADER
fixed length control field 00699nam a22002057a 4500
005 - DATE AND TIME OF LATEST TRANSACTION
control field 20100814162219.0
010 ## - LCCN (DPL NO)
LC control number ENG-100502
020 ## - INTERNATIONAL STANDARD BOOK NUMBER
Terms of availability 25.00
035 ## - SYSTEM CONTROL NUMBER
System control number EN-84035
037 ## - SOURCE OF ACQUISITION
Source of stock number/acquisition DBAD/PUB
082 ## - DEWEY DECIMAL CLASSIFICATION NUMBER
Classification number N
100 ## - MAIN ENTRY--PERSONAL NAME
Personal name Subhanpuri, Cipher
245 ## - TITLE STATEMENT
Title The ascenders of the higher state of spiritual conciousness :
Statement of responsibility, etc by Cipher Subhanpuri
Remainder of title a novel /
260 ## - PUBLICATION, DISTRIBUTION, ETC. (IMPRINT)
Place of publication, distribution, etc Ranchi
Name of publisher, distributor, etc Sindhu Smriti Publisher
Date of publication, distribution, etc 2008
270 ## - ADDRESS
Address 48 / 3K, Bariatu Housing Colony
City Ranchi
Postal code 834009
300 ## - PHYSICAL DESCRIPTION
Extent vii, 100p.
Dimensions 22cm (pbk)
700 ## - ADDED ENTRY--PERSONAL NAME
9 (RLIN) 13414
942 ## - ADDED ENTRY ELEMENTS (KOHA)
Source of classification or shelving scheme Dewey Decimal Classification
Item type English Books
Classification part N
Call number suffix SUB
Holdings
Withdrawn status Lost status Not for loan Collection code Home library Current library Date acquired Source of acquisition Cost, normal purchase price Full call number Barcode Copy number Cost, replacement price Koha item type
    Not For Loan Fiction D.B.Act.Division D.B.Act.Division 14/08/2010 DBAD/PUB 25.00 N SUB EN-84035 1 25.00 English Books

© Delhi Public Library
Hit Counter
free hit counter